000 00505pab a2200169 454500
008 180718b2001 xxu||||| |||| 00| 0 eng d
100 _aO'Sulivan, Deborah
245 _aPolicy decision making models in practice: a case study of the Western Australian "Sentencing Acts"
260 _c2001
300 _ap.56-70
650 _aCase studies
650 _aDecision making - Western Australia
650 _aDecision making
700 _aDown, Barry
773 _aPolicy Studies Journal
909 _a49884
999 _c49884
_d49884